An introduction to our dynamic planet / (Record no. 11403)

MARC details
000 -LEADER
fixed length control field 01112cam a22003011i 4500
001 - CONTROL NUMBER
control field 15292001
003 - CONTROL NUMBER IDENTIFIER
control field EG-ScBUE
005 - DATE AND TIME OF LATEST TRANSACTION
control field 20260120094346.0
008 - FIXED-LENGTH DATA ELEMENTS--GENERAL INFORMATION
fixed length control field 080507s2008 enka f b 001 0 eng d
020 ## - INTERNATIONAL STANDARD BOOK NUMBER
International Standard Book Number 9780521729543 (pbk.)
035 ## - SYSTEM CONTROL NUMBER
System control number (OCoLC)ocn191891556
040 ## - CATALOGING SOURCE
Original cataloging agency UKM
Language of cataloging eng
Description conventions rda
Transcribing agency UKM
Modifying agency YDXCP
-- BAKER
-- BTCTA
-- DLC
-- EG-ScBUE
082 04 - DEWEY DECIMAL CLASSIFICATION NUMBER
Classification number 551.1
Edition number 22
Item number ANI
245 03 - TITLE STATEMENT
Title An introduction to our dynamic planet /
Statement of responsibility, etc edited by Nick Rogers ; authors Stephen Blake [and five others]
264 #1 - PUBLICATION, DISTRIBUTION, ETC. (IMPRINT)
Place of publication, distribution, etc Cambridge :
Name of publisher, distributor, etc The Open University,
Date of publication, distribution, etc 2008.
300 ## - PHYSICAL DESCRIPTION
Extent 390 pages :
Other physical details illustrations (some color), maps ;
Dimensions 27 cm
336 ## - CONTENT TYPE
Source rdacontent
Content type term text
Content type code txt
337 ## - MEDIA TYPE
Media type term unmediated
Source rdamedia
Media type code n
338 ## - CARRIER TYPE
Carrier type term volume
Carrier type code nc
Source rdacarrier
504 ## - BIBLIOGRAPHY, ETC. NOTE
Bibliography, etc Includes bibliographical references and index.
650 #7 - SUBJECT ADDED ENTRY--TOPICAL TERM
Topical term or geographic name as entry element Earth sciences.
Source of heading or term BUEsh
9 (RLIN) 4145
651 #7 - SUBJECT ADDED ENTRY--GEOGRAPHIC NAME
Geographic name Earth
General subdivision Internal structure.
Source of heading or term BUEsh
9 (RLIN) 4146
655 ## - INDEX TERM--GENRE/FORM
Form subdivision Reading book
700 1# - ADDED ENTRY--PERSONAL NAME
Personal name Rogers, N. W.,
Relator term editor.
9 (RLIN) 4147
700 1# - ADDED ENTRY--PERSONAL NAME
Personal name Blake, Stephen,
Relator term author.
856 41 - ELECTRONIC LOCATION AND ACCESS
Materials specified Table of contents
Uniform Resource Identifier <a href="http://www.loc.gov/catdir/toc/fy0804/2008273534.html">http://www.loc.gov/catdir/toc/fy0804/2008273534.html</a>
942 ## - ADDED ENTRY ELEMENTS (KOHA)
Source of classification or shelving scheme Dewey Decimal Classification
Koha item type Book - Borrowing
Holdings
Withdrawn status Lost status Source of classification or shelving scheme Damaged status Not for loan Collection code Home library Current library Shelving location Date acquired Cost, normal purchase price Serial Enumeration / chronology Total Checkouts Full call number Barcode Date last seen Price effective from Koha item type
    Dewey Decimal Classification     Baccah Central Library Central Library First floor 23/04/2009 260.00 7117   551.1 ANI 000016063 15/07/2025 23/04/2009 Book - Borrowing